000 00282pam a2200121 a 4500
020 _c
041 _h
082 _a770
_bHIC
245 _aThe Photographing People
_hTextual Documents
260 _a[s.l]:
_bpage One Publishing .,
_c2009.
300 _a256:
_bpaper.
930 _a5993
999 _c239783
_d239783